LEADER 01512nam a2200337 a 4500 001 000000123958 003 CaOOAMICUS 005 20101215124335.0 008 101215t2010 it u000 u ita r 020 $a978-88-6132-479-4 040 $aPUL$bita 082 04$a344.45 110 1 $aItalia.$0(OLS)http://pul/name/1188 245 10$aNuovo codice del processo amministrativo commentato con la giurisprudenza /$ca cura di Nicola Centofanti, Paolo Centofantio, Nicoletta Centofanti. 260 $aPiacenza :$bLa Tribuna,$cİ2010. 300 $a1716 p. ;$c21 cm 490 1 $a2010 i codici commentati 500 $aTesto su colonne. 650 4$aDiritto amministrativo$zItalia.$0(OLS)http://pul/subject/8339 700 1 $aCentofanti, Nicola.$0(OLS)http://pul/name/48924 700 1 $aCentofanti, Paolo.$0(OLS)http://pul/name/78183 700 1 $aCentofanti, Nicoletta.$0(OLS)http://pul/name/66186 830 0$a2010 i codici commentati.$0(OLS)http://pul/title/156273 850 $aPUL 852 $aPUL$W1$xDP2 Diritto e Scienze Sociali 3$y110$m348. 45 BZCOD 57$j142828$qDDC 21$B141772$CPULBib$Z2$F141772 $H115306 $82 941 1 $a9 996 $6020$a978-88-6132-479-4$9(OLS)http://pul/number/146121 996 $6082$a344.45$9(OLS)http://pul/classification/416 996 $6245$aNuovo codice del processo amministrativo commentato con la giurisprudenza$9(OLS)http://pul/title/156274 996 $6260$aPiacenza :$bLa Tribuna$9(OLS)http://pul/publisher/69734 LEADER 01034nam a2200265 u 4500 001 000000064529 003 CaOOAMICUS 005 20070226121351.0 008 011120s1981 it u000 u ita u 035 $a10910629 040 $aPUL(R)$bita 100 1 $aHorkheimer, Max,$d1895-1973.$0(OLS)http://pul/name/14802 245 10$aKant: la critica del giudizio /$cMax Horkheimer ; introduzione e cura di Nestore Pirillo. 260 $aNapoli :$bLiguori,$c1981. 300 $a116 p. ;$c18 cm 500 $aContiene indice. 504 $aBibliografia in nota. 600 14$aKant, Immanuel,$d1724-1804.$0(OLS)http://pul/subject/4849 700 1 $aPirillo, Nestore.$0(OLS)http://pul/name/26028 850 $aPUL 852 $aPUL$W1$xSL Filosofia 1$y2$m85 B 31$j83649$nBK-PRI$b $qStampati$B83649$CPULBib$Z2$F83649 $H $81 941 1 $a8 961 $aINV: 63874 996 $6245$aKant: la critica del giudizio$9(OLS)http://pul/title/85972 996 $6260$aNapoli :$bLiguori$9(OLS)http://pul/publisher/48007